| 000 | 00528nam a2200217Ia 4500 | ||
|---|---|---|---|
| 003 | OSt | ||
| 005 | 20220928143921.0 | ||
| 006 | a|||||r|||| 00| 0 | ||
| 007 | ta | ||
| 008 | 220927b |||||||| |||| 00| 0 eng d | ||
| 024 | _a23350 | ||
| 037 | _cTextual | ||
| 040 |
_aSDCL _cSDCL _beng |
||
| 041 |
_2eng _aeng |
||
| 082 | _aO152,2N05,6, K9 | ||
| 100 | _aVerma Ram Kumar | ||
| 245 | 0 | _aJuhi ke phool. | |
| 260 | _c1969 | ||
| 942 |
_hO152,2N05,6, K9 _cTEXL _2CC |
||
| 999 |
_c825296 _d825296 |
||